| 000 | 00477nam a22001817a 4500 | ||
|---|---|---|---|
| 005 | 20250528122249.0 | ||
| 008 | 250528b |||||||| |||| 00| 0 eng d | ||
| 020 | _a9788174730831 | ||
| 050 |
_aHD 58.7 MOO _b1 |
||
| 100 | _aMOORHEAD, Gregory | ||
| 245 |
_aOrganizational behavior: _bManaging people and organization |
||
| 250 | _a5th | ||
| 260 |
_aNew Delhi _bA.I.T.B _c2001 |
||
| 300 | _axxiv,622p | ||
| 500 | _apic.index | ||
| 700 | _aGRIFFIN W.Ricky | ||
| 942 |
_2lcc _cBK _n0 |
||
| 999 |
_c6004 _d6004 |
||